| 000 | 00741nam a2200205Ia 4500 | ||
|---|---|---|---|
| 005 | 20251020182520.0 | ||
| 008 | 200515s9999 xx 000 0 und d | ||
| 082 | _a69.028.2/E24 | ||
| 245 | 0 | _aBiblioteca de la Carpintería Metálica: ventanas en aluminio y P.V.C. | |
| 260 | _aMadrid | ||
| 260 | _c1991 | ||
| 300 | _aEdiciones Daly | ||
| 500 | _a1 ejemplar | ||
| 520 | _aNovedades con relación a la fabricación de ventanas en aluminio y PVC. Clasificación de distintos tipos de ventanas, su aislamiento térmico, acústico, la estanquidad de las mismas al agua y al viento. Incluye la construcción de ventanas basculantes, abati | ||
| 650 | _aALUMINIO | ||
| 650 | _aLIB | ||
| 650 | _aPVC | ||
| 650 | _aVENTANAS | ||
| 942 | _cLIB | ||
| 999 |
_c1711 _d1711 |
||